| 000 | 00544nam a2200193 a 4500 | ||
|---|---|---|---|
| 005 | 20210219153232.0 | ||
| 008 | 991125n 000 0 spa u | ||
| 035 | _aUPN01000085003 | ||
| 100 | 1 | _aEscamilla Salazar, Jesús | |
| 222 | 0 | _aPLANEACION Y EVALUACION EDUCATIVA | |
| 245 | 0 | 3 | _aLa tutoria como una propuesta para apoyar el proceso educativo |
| 300 | _a13-17 | ||
| 362 | 0 | _a1999 Vol. 6, no. 19 | |
| 653 | 0 | _aTUTOR | |
| 653 | 0 | _aTUTORIA | |
| 700 | 1 |
_aGuzmán Alvarez, Sergio, _ecoaut. |
|
| 904 |
_aAC _b022814 |
||
| 905 | _aArticulo | ||
| 999 |
_c71639 _d71639 |
||